| 000 | 01367nam a2200301 i 4500 | ||
|---|---|---|---|
| 001 | 196745 | ||
| 003 | ES-MaACL | ||
| 005 | 20241026063111.0 | ||
| 007 | ta | ||
| 008 | 241024b1974 sp ||||| |||| 00| 0 spa d | ||
| 017 | _aSA. 115.-1971. | ||
| 040 |
_bspa _cES-MaACL _dES-MaACL |
||
| 100 | 1 |
_975296 _aMadariaga de la Campa, Benito _eaut |
|
| 245 |
_aLos dibujos poéticos de Federico García Lorca / _cBenito Madariaga. |
||
| 260 |
_aSantander : _bInstitución cultural de Cantabria , Diputación Provincial de Santander, _c1974. |
||
| 300 |
_a32 p.; _bil. n.; _c23 cm. |
||
| 336 |
_2rdacontent _atexto |
||
| 337 |
_2rdamedia _asin mediación |
||
| 338 |
_2rdacarrier _avolumen |
||
| 501 | _aSeparata del n.º 10 de la revista poética "Peña Labra". | ||
| 600 | 1 | 7 |
_9170064 _aGarcía Lorca, Federico, _d1898-1936- _xDibujo |
| 852 |
_aES-MaACL _cDEPOF _jFOLL-BUE-119 _gDedicatoria manuscrita del autor, Benito Madariaga, para Antonio Buero Vallejo: "A Don Antonio Buero Vallejo, figura literaria de nuestro tiempo. Atentamente [firma y rúbrica] Santander, enero 1975". _hLegado: Antonio Buero Vallejo _9204450 |
||
| 903 |
_932421 _aBuero Vallejo, Antonio, _q1 _d1916-2000 _ednr |
||
| 942 |
_n0 _cFOLLETOS |
||
| 999 |
_c196745 _d196745 |
||